000 00545nam a2200157 a 4500
001 000034613
005 20200930073810.0
008 111010s1986 sp c 000 0 spa d
020 _a8400063902
040 _aDO-SdBNP
_bspa
_cBNPHU
082 _axxxx
_bF945t
100 1 _aFrutos Borreguero, Manuel de
_960055
245 1 0 _aTumores vegetales de España :
_bIlustrado con fotografía del autor /
_cManuel de Frutos Borreguero.
260 _aMadrid :
_bConsejo Superior de Investigaciones Científica,
_c1986.
300 _a[192 p.] :
_bretr. ;
_c24 cm.
999 _c34104
_d34104